000 00453nam a2200193Ia 4500
001 12839
003 GE_BSU
008 181216s||||||||xx |||||||||||||| ||und||
040 _cGE_BSU
080 _a821.111-32
100 _aBuchan,Elizabeth.
245 _aRevenge of the Middle -Aged Woman.
260 _aLondon.
260 _bPenguin Books.
260 _c2002
300 _a357p;18cm.
653 _aRevenge of the Middle -Aged Woman.
942 _cBK
999 _c46009
_d46009